000 00678nam a2200193Ia 4500
003 LDD
008 190117s9999 xx 000 0 und d
020 _a9788192922102
_c₹125
040 _cLDD
041 _ahi
082 _a8H1.71 पा3916प्र
100 _aपाण्डेय, अशोक कुमार
245 0 _aप्रलय में लय जितना
_cअशोक कुमार पाण्डेय
260 _aदिल्ली
_bदखल प्रकाशन
_c2014
300 _a104p.
901 _aKGP
904 _aReqst by : Jitendra Kumar Srivasta
942 _2ddc
_cH
999 _c163132
_d163132